Central Library OPAC University of Rajshahi

The Supreme Court and fundamental freedoms / (Record no. 60307)

MARC details
000 -LEADER
fixed length control field 00784nam a2200253 a 4500
001 - CONTROL NUMBER
control field 60307
003 - CONTROL NUMBER IDENTIFIER
rucl marc code BD-RjUL
005 - DATE AND TIME OF LATEST TRANSACTION
control field 20211209080826.0
008 - FIXED-LENGTH DATA ELEMENTS--GENERAL INFORMATION
fixed length control field 161229s1967 nyu 001 0 eng
035 ## - SYSTEM CONTROL NUMBER
System control number (BD-RjUL)60431
040 ## - CATALOGING SOURCE
Original cataloging agency DLC
Transcribing agency DLC
Modifying agency BD-RjUL
Language of cataloging eng
041 ## - LANGUAGE CODE
Language code of text/sound track or separate title eng
082 00 - DEWEY DECIMAL CLASSIFICATION NUMBER
Classification number 323.40973
Edition number 23
Author mark and year SPS 1967
100 1# - MAIN ENTRY--PERSONAL NAME
Personal name Spicer, George W.
Fuller form of name (George Washington),
Dates associated with a name 1897-
9 (RLIN) 179472
245 14 - TITLE STATEMENT
Title The Supreme Court and fundamental freedoms /
Statement of responsibility, etc. George W. Spicer.
250 ## - EDITION STATEMENT
Edition statement 2d ed.
260 ## - PUBLICATION, DISTRIBUTION, ETC. (IMPRINT)
Place of publication, distribution, etc. New York :
Name of publisher, distributor, etc. Appleton-Century-Crofts,
Date of publication, distribution, etc. c1967
300 ## - PHYSICAL DESCRIPTION
Pagination xi, 280 p. ;
Size 21 cm.
490 0# - SERIES STATEMENT
Series statement Current political problems
500 ## - GENERAL NOTE
General note Includes index.
650 #0 - SUBJECT ADDED ENTRY--TOPICAL TERM
Topical term or geographic name as entry element Civil rights
Geographic subdivision United States.
9 (RLIN) 176367
651 ## - SUBJECT ADDED ENTRY--GEOGRAPHIC NAME
Geographic name United States.
General subdivision Supreme Court.
9 (RLIN) 179861
942 ## - ADDED ENTRY ELEMENTS (KOHA)
Source of classification or shelving scheme Dewey Decimal Classification
Koha item type Books
Holdings
Lost status Source of classification or shelving scheme Damaged status Not for loan Collection code Permanent Location Current Location Shelving location Date acquired Source of acquisition Total Checkouts Full call number Date last seen Copy number Koha item type
  Dewey Decimal Classification   Not For Loan Non-fiction Central Library, University of Rajshahi Central Library, University of Rajshahi Reading Room 25/07/1977 Asia Foundation   323.40973 SPS 1967 29/12/2016 C-1 Books